Evolución de la industria argentina en la postconvertibilidad (Registro nro. 22847)

Detalles MARC
000 -LEADER
fixed length control field 00376 a2200121 4500
001 - CONTROL NUMBER
control field ART_23592
005 - DATE AND TIME OF LATEST TRANSACTION
control field 20260410161827.0
008 - FIXED-LENGTH DATA ELEMENTS--GENERAL INFORMATION
fixed length control field 260409a
100 1# - MAIN ENTRY--PERSONAL NAME
Personal name Calá, Carla Daniela
245 10 - TITLE STATEMENT
Title Evolución de la industria argentina en la postconvertibilidad
700 1# - ADDED ENTRY--PERSONAL NAME
Personal name Rotta, Lautaro
773 0# - HOST ITEM ENTRY
Title FACES
Related parts - Año 19, Nº 40/41 (ene./dic. 2013)
Record control number REV5046

No hay ítems disponibles.